00871 2200181 4500245013600000020002200136250001100158100001700169700002900186650001800215005001900233260004200252041001400294084001100308300002300319500033800342336000900680 aAtomic Habits b : An Easy & Proven Way to Build Good Habits & Break Bad Ones Tiny Changes, Remarkable ResultscClear, JameshText a978-602-06-3317-6 aCet. 7 aClear, James aAlex Tri Kantjono Widodo aMotivasi Diri a20240909100003 aJakartabGramedia Pustaka Utamac2020 aIndonesia a155.25 a340 hal. :c23,5cm aDalam buku ini terobosan ini, Clear pada hakikatnya mengungkapkan bagaimana perubahan-perubahan sangat remeh ini dapat tumbuh menjadi hasil-hasil yang sangat mengubah. Ia menyingkap beberapa trik sederhana dalam hidup kita, dan menggali kedalam teori psikologi dan neurosains paliing baru untuk menerangkan mengapa semua itu penting. atext